000 01639nam a2200481 i 4500
999 _c63917
_d63917
001 768714001
003 CO-MdFUSB
005 20170711144921.0
008 010608t20011999sp | ||| ||spa
017 _aM 7900-2001
_bOficina Depósito Legal Madrid
020 _a8489651965
040 _aSpMaBN
_bspa
_cCO-MdFUSB
_erda
_dCO-MdFUSBC
041 1 _aspa
080 0 _a23
080 0 _a230.1
082 _224
_a230.1
_bIR66
100 0 _aIreneo,
_eautor
240 1 0 _aEpídeixis tou apostolikon kerigmatos
245 1 0 _aDemostración de la predicación apostólica
_c/ Ireneo de Lión ; introducción, traducción y notas (extractadas de la obra de Antonio Orbe) de Eugenio Romero-Pose
250 _aSegunda edición
_brevisada.
264 1 _aMadrid :
_bCiudad Nueva,
_c2001
264 4 _c1999
300 _a262 páginas
_c: 24 cm
_b:
336 _2rdacontent
_a1
_ba1
337 _2rdamedia
_a2
_b5
338 _2rdacarrier
_a2
_b5
440 0 _v2
490 _aFuentes patristícas
504 _aIncluye índices
505 _aIntroducción -- La demostración apostólica (texto) -- La catequesis apostólica (4-41) -- La demostración profética.
563 _aTapa dura.
650 7 _aTeología
650 7 _aApologética
650 7 _aPadres de la Iglesia
_959
_eObras
653 _aIreneo de Lion -- Obras
700 1 _aRomero Pose, Eugenio
_d1949-2007
_etraductor
700 1 _aOrbe, Antonio
_d1917-2003
942 _cREF
956 _a1 2
980 _aM 7900-2001
_a84-89651-96-5
_aM-BN
_bBNALCALA
_jDL/1055091
_cCONSERVACI